Statistiques concernant Territoires d'outre-mer francais

Cliquez ici pour prendre le quiz!

Statistiques générales

  • Ce quiz a été pris 166 fois
  • Le résultat moyen est 10 sur 13

Statistiques - réponses

HintRéponse% Correct
CaraibesGuadeloupe
97%
CaraibesMartinique
96%
Océan indienLa Reunion
95%
Amérique du sudGuyane
93%
Océan indienMayotte
86%
Atlantique nordSaint pierre et Miquelon
79%
PacifiqueNouvelle-Caledonie
77%
PacifiquePolynésie française
77%
CaraibesSaint Martin
77%
CaraibesSaint Barthélémy
70%
PacifiqueWallis et Futuna
69%
PacifiqueClipperton
36%
Océan indien / AntarctiqueTerres Australes et Antarctiques Françaises
25%

Distribution des résultats

Percentile par nombre de réponses

% des personnes avec chaque résultat

Votre développement - résultats

Vous n’avez pas pris ce quiz